000 00242nam a2200097Ia 4500
082 _aJ 538 LUHR
245 0 _aMagnetism
100 _a LUHRS, Otto New Delhi, [c.2009]
_974058
942 _cBK
008 210817s9999 xx 000 0 und d
999 _c243551
_d243550